[Event "Nat 1 Mulhouse-Toulouse"]
[Site "?"]
[Date "2008.04.05"]
[Round "10.1"]
[White "Genov, Petar"]
[Black "Tournier, Mathieu"]
[Result "1-0"]
[WhiteElo "2474"]
[BlackElo "2236"]
[PlyCount "65"]
[EventDate "2008.04.07"]
[SourceDate "2008.04.07"]

1. c4 c6 2. e4 e5 3. Nf3 d6 4. d4 Nd7 5. Nc3 Ngf6 6. Be2 Be7 7. O-O O-O 8. Qc2
Re8 9. Rd1 Qc7 10. h3 Nf8 11. Be3 Ng6 12. Rac1 Bf8 13. Bf1 Qe7 14. Re1 h6 15.
c5 dxc5 16. Nxe5 Nxe5 17. dxe5 Nd7 18. f4 g6 19. a4 a5 20. Rcd1 Bg7 21. Rd6 g5
22. g3 Kh7 23. e6 fxe6 24. e5+ Kh8 25. Qe4 gxf4 26. Bxf4 Nf8 27. Bd3 Bd7 28.
Qe3 Qf7 29. Bxh6 Qh5 30. Bxg7+ Kxg7 31. Rf1 Re7 32. Rf4 Ng6 33. Bxg6 1-0

[Event "Nat 1 Mulhouse-Toulouse"]
[Site "?"]
[Date "2008.04.05"]
[Round "10.2"]
[White "Van Elst, Andreas"]
[Black "Lerch, Patrice"]
[Result "1/2-1/2"]
[WhiteElo "2333"]
[BlackElo "2307"]
[PlyCount "81"]
[EventDate "2008.04.07"]
[SourceDate "2008.04.07"]

1. d4 Nf6 2. c4 e6 3. Nc3 Bb4 4. e3 b6 5. Nge2 Bb7 6. a3 Be7 7. d5 O-O 8. Ng3
Re8 9. Be2 exd5 10. cxd5 c6 11. O-O Nxd5 12. Nxd5 cxd5 13. Bf3 Na6 14. Nf5 Nc5
15. Bxd5 Bxd5 16. Qxd5 Bf6 17. Nd6 Re6 18. e4 Qf8 19. Bf4 Bxb2 20. Ra2 Bf6 21.
Rd2 a6 22. Rb1 Ra7 23. f3 Qd8 24. Be3 Qc7 25. Rc1 Be7 26. Bxc5 bxc5 27. e5 Bg5
28. f4 Bxf4 29. Qf3 Rxd6 30. exd6 Bxd6 31. Rf1 Bxh2+ 32. Kh1 f6 33. Qd5+ Kf8
34. Qh5 Be5 35. Qxh7 c4 36. Qh8+ Kf7 37. Qh5+ Kf8 38. Re2 d6 39. Qh8+ Kf7 40.
Qh5+ Kf8 41. Qh8+ 1/2-1/2

[Event "Nat 1 Mulhouse-Toulouse"]
[Site "?"]
[Date "2008.04.05"]
[Round "10.3"]
[White "Riff, Vincent"]
[Black "Pasquier, Thomas"]
[Result "0-1"]
[WhiteElo "2296"]
[BlackElo "2257"]
[PlyCount "72"]
[EventDate "2008.04.07"]
[SourceDate "2008.04.07"]

1. e4 c5 2. Nf3 e6 3. Qe2 Be7 4. g3 d5 5. d3 Nf6 6. Bg2 Nc6 7. O-O b5 8. Re1
O-O 9. e5 Nd7 10. Nbd2 a5 11. Nf1 Ba6 12. h4 b4 13. Bf4 c4 14. dxc4 Bxc4 15.
Qd1 Bxf1 16. Bxf1 a4 17. Ng5 a3 18. bxa3 Rxa3 19. Bc1 Ra5 20. Bd3 h6 21. Nxe6
fxe6 22. Qg4 Ndxe5 23. Qxe6+ Rf7 24. Bb2 Nxd3 25. cxd3 Qd6 26. Qc8+ Bf8 27. Qg4
Qd7 28. Qe2 Ra8 29. Rec1 Re8 30. Qh5 Ne7 31. a4 bxa3 32. Rxa3 Qf5 33. Qe2 Rc8
34. Rxc8 Qxc8 35. Ra5 Qc6 36. Qe5 Qb6 0-1

[Event "Nat 1 Mulhouse-Toulouse"]
[Site "?"]
[Date "2008.04.05"]
[Round "10.4"]
[White "Luminais , Eric"]
[Black "Hassler, Franck"]
[Result "0-1"]
[WhiteElo "2230"]
[BlackElo "2282"]
[PlyCount "80"]
[EventDate "2008.04.07"]
[SourceDate "2008.04.07"]

1. e4 c5 2. Nf3 Nc6 3. g3 d6 4. Bg2 Nf6 5. Qe2 Bg4 6. c3 Ne5 7. d4 cxd4 8. cxd4
Nxf3+ 9. Bxf3 Bxf3 10. Qxf3 Qb6 11. e5 dxe5 12. dxe5 Nd7 13. O-O Nxe5 14. Qh5
Nc6 15. Be3 Qxb2 16. Nd2 g6 17. Qe2 Bg7 18. Rab1 Qxa2 19. Rxb7 O-O 20. Qf3 Rac8
21. Ne4 a5 22. Rd1 a4 23. h4 Ne5 24. Qg2 Qe2 25. Rf1 a3 26. Ra7 a2 27. Nd2 Rc2
28. Nb3 Nf3+ 29. Kh1 Rfc8 30. h5 Ne1 31. Qh3 Qd1 32. Bd2 Qf3+ 33. Kg1 Qxb3 34.
Rxe1 Rd8 35. Be3 Rb2 36. Rd7 Rb8 37. hxg6 hxg6 38. Bh6 Rb1 39. Bxg7 Rxe1+ 40.
Kg2 Kxg7 0-1

[Event "Nat 1 Mulhouse-Toulouse"]
[Site "?"]
[Date "2008.04.05"]
[Round "10.5"]
[White "Fargere, François"]
[Black "Heinis, Vincent"]
[Result "1-0"]
[WhiteElo "2367"]
[BlackElo "2156"]
[PlyCount "71"]
[EventDate "2008.04.07"]
[SourceDate "2008.04.07"]

1. e4 e6 2. d4 d5 3. Nd2 Nf6 4. e5 Nfd7 5. Bd3 c5 6. c3 Nc6 7. Ne2 cxd4 8. cxd4
f6 9. exf6 Nxf6 10. Nf3 Bd6 11. O-O Qc7 12. Bg5 O-O 13. Bh4 Nh5 14. Qc2 h6 15.
Bh7+ Kh8 16. Bg6 Rxf3 17. Bxh5 Rf8 18. Bg3 e5 19. dxe5 Bxe5 20. Rad1 Bf5 21.
Qb3 Bxg3 22. hxg3 Qb6 23. Qxb6 axb6 24. a3 Na5 25. Rxd5 Nc4 26. Rb5 g6 27. Nd4
Ra5 28. Rb4 Bd3 29. Be2 Bxe2 30. Nxe2 Nd2 31. Rd1 Rd8 32. Nc3 Rd6 33. Re1 Rf5
34. Re7 Nb1 35. Rc4 Rf8 36. Rcc7 1-0

[Event "Nat 1 Mulhouse-Toulouse"]
[Site "?"]
[Date "2008.04.05"]
[Round "10.6"]
[White "Benmesbah, Natacha"]
[Black "Leburgue, Sylvain"]
[Result "1-0"]
[WhiteElo "2212"]
[BlackElo "2196"]
[PlyCount "61"]
[EventDate "2008.04.07"]
[SourceDate "2008.04.07"]

1. e4 c5 2. Nf3 Nc6 3. Bb5 e6 4. O-O Nge7 5. Re1 a6 6. Bxc6 Nxc6 7. d4 cxd4 8.
Nxd4 Nxd4 9. Qxd4 Qa5 10. Nc3 Qc5 11. Qd3 d6 12. Bf4 Be7 13. Rad1 e5 14. Be3
Qc6 15. Nd5 Be6 16. f4 f6 17. fxe5 dxe5 18. Nxe7 Kxe7 19. Qa3+ Kf7 20. Rd6 Qxe4
21. Bf2 Qc4 22. Qf3 Qc7 23. Red1 Rhe8 24. Bb6 Qc8 25. b3 Kg8 26. c4 Kh8 27. h3
h6 28. Qh5 Bg8 29. Rd7 Qc6 30. Be3 f5 31. R1d6 1-0

[Event "Nat 1 Mulhouse-Toulouse"]
[Site "?"]
[Date "2008.04.05"]
[Round "10.7"]
[White "Nass, Emile"]
[Black "Sasot, Eloy"]
[Result "1/2-1/2"]
[WhiteElo "2112"]
[BlackElo "2154"]
[PlyCount "73"]
[EventDate "2008.04.07"]
[SourceDate "2008.04.07"]

1. d4 d5 2. Nf3 Nf6 3. g3 Bf5 4. Bg2 e6 5. O-O Be7 6. c4 c6 7. Nc3 O-O 8. Qb3
Qb6 9. c5 Qa6 10. h3 b6 11. cxb6 axb6 12. Nh4 Bg6 13. Nxg6 hxg6 14. e4 Qc4 15.
Qxc4 dxc4 16. d5 exd5 17. exd5 Nxd5 18. Nxd5 cxd5 19. Bxd5 Ra4 20. Be3 Bf6 21.
Rab1 b5 22. b3 Rxa2 23. bxc4 bxc4 24. Bxc4 Rc2 25. Bb3 Rc3 26. Bd5 Rd3 27. Be4
Rc3 28. Rfd1 Nc6 29. Rbc1 Nd4 30. Kg2 Ne2 31. Rc2 Rxe3 32. fxe3 Nc3 33. Rxc3
Bxc3 34. Rd7 g5 35. Bd5 g6 36. Kf3 Kg7 37. e4 1/2-1/2

[Event "Nat 1 Mulhouse-Toulouse"]
[Site "?"]
[Date "2008.04.05"]
[Round "10.8"]
[White "Planell, Eric"]
[Black "Richard, Emma"]
[Result "1-0"]
[WhiteElo "2156"]
[BlackElo "1985"]
[PlyCount "68"]
[EventDate "2008.04.07"]
[SourceDate "2008.04.07"]

1. d4 Nf6 2. Nf3 g6 3. c4 Bg7 4. Nc3 d6 5. e4 O-O 6. Be2 e5 7. d5 Nbd7 8. Qc2
Ne8 9. O-O f5 10. Ng5 Ndf6 11. exf5 gxf5 12. Ne6 Bxe6 13. dxe6 f4 14. Nd5 Nxd5
15. cxd5 Qe7 16. Bf3 Nf6 17. Re1 c6 18. dxc6 Rac8 19. Qa4 bxc6 20. Bxc6 Qxe6
21. Bxf4 Qg4 22. Bg3 Qxa4 23. Bxa4 Kh8 24. Rad1 Rfd8 25. f3 a5 26. Bf2 Rc4 27.
Bb3 Rb4 28. Bc5 Rxb3 29. axb3 Ne8 30. Rd5 Bf6 31. Bb6 Rb8 32. Bxa5 Rxb3 33. Bc3
Kg7 34. f4 e4 1-0

[Event "Nat 1 Vincennes-Cannes"]
[Site "?"]
[Date "2008.04.05"]
[Round "10.1"]
[White "Velivov, Petar"]
[Black "Sanchez, Joseph"]
[Result "1/2-1/2"]
[WhiteElo "2414"]
[BlackElo "2492"]
[PlyCount "80"]
[EventDate "2008.04.07"]
[SourceDate "2008.04.07"]

1. Nf3 d5 2. d4 Nf6 3. c4 c6 4. Nc3 dxc4 5. a4 Bf5 6. e3 Nbd7 7. Bxc4 e6 8. O-O
Bb4 9. Qe2 Bg6 10. Rd1 O-O 11. h3 Qe7 12. Bd2 Rad8 13. Be1 a6 14. Bd3 Rfe8 15.
Bxg6 hxg6 16. Qc4 Bd6 17. Qb3 Rb8 18. Ng5 e5 19. Nge4 exd4 20. Nxd6 Qxd6 21.
Rxd4 Qe7 22. Rad1 b5 23. axb5 axb5 24. Qc2 Nb6 25. b3 b4 26. Nb1 c5 27. R4d3
Ne4 28. f3 Ng5 29. Nd2 Rbd8 30. Nc4 Rxd3 31. Rxd3 Nxc4 32. Qxc4 Ne6 33. Bg3 Ra8
34. Kh2 Ra2 35. Qd5 Qf6 36. Be5 Qg5 37. f4 Qe7 38. Rd2 Rxd2 39. Qxd2 f6 40. Bd6
Qb7 1/2-1/2

[Event "Nat 1 Vincennes-Cannes"]
[Site "?"]
[Date "2008.04.05"]
[Round "10.2"]
[White "Levacic, Damir"]
[Black "Schabanel, Stephane"]
[Result "1-0"]
[WhiteElo "2284"]
[BlackElo "2265"]
[PlyCount "51"]
[EventDate "2008.04.07"]
[SourceDate "2008.04.07"]

1. d4 f5 2. g3 Nf6 3. Bg2 g6 4. c4 Bg7 5. Nc3 O-O 6. Nf3 d6 7. O-O Qe8 8. d5
Na6 9. Nd4 Bd7 10. b3 c6 11. Bb2 Rc8 12. Qd2 Nc7 13. b4 Ng4 14. e3 e5 15. Nb3
e4 16. Na5 Ne5 17. dxc6 bxc6 18. Rad1 g5 19. Na4 Qh5 20. Bxe5 Bxe5 21. f4 exf3
22. Bxf3 Qe8 23. Nc5 dxc5 24. Qxd7 cxb4 25. Nxc6 Bf6 26. Rd3 1-0

[Event "Nat 1 Vincennes-Cannes"]
[Site "?"]
[Date "2008.04.05"]
[Round "10.3"]
[White "Carbonnel, Pierre"]
[Black "Marino, Olivier"]
[Result "0-1"]
[WhiteElo "2292"]
[BlackElo "2109"]
[PlyCount "134"]
[EventDate "2008.04.07"]
[SourceDate "2008.04.07"]

1. e4 c6 2. d4 d5 3. Nc3 dxe4 4. Nxe4 Nf6 5. Nxf6+ gxf6 6. Nf3 Bg4 7. Be2 e6 8.
Bf4 Bd6 9. Bg3 Qc7 10. Nh4 Bxe2 11. Qxe2 Nd7 12. O-O O-O-O 13. b4 Bxg3 14. hxg3
Qb6 15. c3 Qb5 16. Qxb5 cxb5 17. a4 bxa4 18. Rxa4 a6 19. b5 Nb6 20. Ra2 axb5
21. Rb1 Kc7 22. Rxb5 Rd5 23. Rb4 Ra8 24. Rab2 Ra1+ 25. Kh2 Ra6 26. g4 h5 27.
gxh5 Rxh5 28. g3 Rha5 29. Nf3 Ra3 30. R2b3 Rxb3 31. Rxb3 Ra2 32. Kg2 Nc4 33.
Ne1 Ne3+ 34. Kf3 Nd1 35. Nd3 Rc2 36. c4 Rxc4 37. Ke2 Nc3+ 38. Kd2 Nd5 39. Nc5
Rxd4+ 40. Ke2 b6 41. Nd3 Ra4 42. Rb2 Kc6 43. Rc2+ Kb5 44. Rc8 Rc4 45. Ra8 Rc7
46. Kd2 Kc4 47. Ra2 b5 48. Rc2+ Kd4 49. Rb2 Rb7 50. Nb4 Nxb4 51. Rxb4+ Kc5 52.
Kc3 Ra7 53. Rf4 f5 54. Kb3 Ra4 55. Rf3 Rb4+ 56. Kc3 Rc4+ 57. Kb3 b4 58. Rd3 Rd4
59. Rf3 f6 60. Re3 e5 61. Rf3 f4 62. g4 Rd2 63. Rh3 Rxf2 64. Rh6 Rf3+ 65. Kb2
e4 66. Rxf6 e3 67. Kc2 b3+ 0-1

[Event "Nat 1 Vincennes-Cannes"]
[Site "?"]
[Date "2008.04.05"]
[Round "10.4"]
[White "De Labaca, Romuald"]
[Black "Elbilia, Jacques"]
[Result "0-1"]
[WhiteElo "2189"]
[BlackElo "2351"]
[PlyCount "59"]
[EventDate "2008.04.07"]
[SourceDate "2008.04.07"]

1. e4 d6 2. d4 Nf6 3. Nc3 e5 4. Nge2 Nbd7 5. g3 Be7 6. Bg2 O-O 7. O-O c6 8. a4
b6 9. h3 a6 10. g4 Bb7 11. Be3 b5 12. Ng3 g6 13. f4 Ne8 14. Qd2 Ng7 15. Rad1
exf4 16. Bxf4 Ne6 17. Bh6 Bg5 18. Bxg5 Qxg5 19. d5 Qxd2 20. Rxd2 cxd5 21. axb5
d4 22. Nce2 Rfc8 23. c3 dxc3 24. Nxc3 Ne5 25. Rxd6 axb5 26. Nd5 Rc2 27. Rb6
Rxb2 28. Rxb7 Raa2 29. Ne3 Nc4 30. Nxc4 0-1

[Event "Nat 1 Vincennes-Cannes"]
[Site "?"]
[Date "2008.04.05"]
[Round "10.5"]
[White "Fayard, Alain"]
[Black "Canneva, Florian"]
[Result "1-0"]
[WhiteElo "2269"]
[BlackElo "2100"]
[PlyCount "53"]
[EventDate "2008.04.07"]
[SourceDate "2008.04.07"]

1. d4 d5 2. Nf3 Nf6 3. c4 c6 4. e3 Nbd7 5. Qc2 e6 6. Nbd2 Bd6 7. Bd3 O-O 8. O-O
Re8 9. e4 e5 10. c5 Bc7 11. exd5 cxd5 12. dxe5 Nxe5 13. Nxe5 Rxe5 14. Nf3 Re8
15. Bg5 Bg4 16. Bxh7+ Kh8 17. Bf5 Bxf3 18. gxf3 Qb8 19. Qa4 Nh7 20. Qh4 g6 21.
Bd7 Re5 22. Bf6+ Kg8 23. Bxe5 Bxe5 24. Rfe1 Nf6 25. c6 Qd6 26. cxb7 Rb8 27. Bc8
1-0

[Event "Nat 1 Vincennes-Cannes"]
[Site "?"]
[Date "2008.04.05"]
[Round "10.6"]
[White "Verot, Melanie"]
[Black "Jablonski, Noham"]
[Result "1/2-1/2"]
[WhiteElo "2121"]
[BlackElo "2260"]
[PlyCount "95"]
[EventDate "2008.04.07"]
[SourceDate "2008.04.07"]

1. d4 f5 2. c4 Nf6 3. Nc3 g6 4. Nf3 Bg7 5. g3 O-O 6. Bg2 d6 7. O-O Qe8 8. Nd5
Nxd5 9. cxd5 c6 10. Qb3 Kh8 11. Re1 cxd5 12. Qxd5 Nd7 13. Qb3 e5 14. e4 f4 15.
gxf4 exd4 16. Qd5 Qe7 17. e5 dxe5 18. Nxd4 Nb6 19. Qb3 Qc5 20. Ne2 exf4 21.
Bxf4 Bg4 22. Be3 Qc4 23. Qxc4 Nxc4 24. Bd4 Rae8 25. Bxg7+ Kxg7 26. Nd4 Nxb2 27.
Bxb7 Nd3 28. Rxe8 Rxe8 29. f3 Bh3 30. Rd1 Nf4 31. Kf2 h5 32. Be4 Re5 33. Rg1
Kf6 34. Rc1 Rxe4 35. fxe4 Nd3+ 36. Kg3 Nxc1 37. Kxh3 Nxa2 38. e5+ Kxe5 39. Nc6+
Kf4 40. Nxa7 g5 41. Nb5 Nc1 42. Nd4 Nd3 43. Ne6+ Kf5 44. Ng7+ Kg6 45. Ne8 g4+
46. Kh4 Ne5 47. h3 Nf3+ 48. Kg3 1/2-1/2

[Event "Nat 1 Vincennes-Cannes"]
[Site "?"]
[Date "2008.04.05"]
[Round "10.7"]
[White "Lohou, Stephane"]
[Black "Zermiche, Cherif"]
[Result "1-0"]
[WhiteElo "2131"]
[BlackElo "2161"]
[PlyCount "81"]
[EventDate "2008.04.07"]
[SourceDate "2008.04.07"]

1. e4 c5 2. Nf3 a6 3. Nc3 e6 4. d4 cxd4 5. Nxd4 Nc6 6. Nxc6 bxc6 7. Bd3 d5 8.
O-O Nf6 9. Re1 Be7 10. e5 Nd7 11. Na4 O-O 12. c4 f5 13. Qc2 Bb7 14. Bd2 Qb8 15.
f4 Nc5 16. Nxc5 Bxc5+ 17. Be3 Bxe3+ 18. Rxe3 Qa7 19. Qf2 Rfd8 20. Rc1 a5 21.
Rh3 Qxf2+ 22. Kxf2 Rac8 23. Be2 Kf7 24. Rb3 Rc7 25. c5 a4 26. Rb4 Ra8 27. a3
Bc8 28. Bd1 Rb7 29. Rxb7+ Bxb7 30. Ke3 Ra5 31. Kd4 h6 32. h4 Ba6 33. Rc3 Rb5
34. b3 axb3 35. Rxb3 Ra5 36. Rb4 Bf1 37. a4 g6 38. h5 gxh5 39. Bxh5+ Kf8 40.
Bd1 Bxg2 41. Rb6 1-0

[Event "Nat 1 Gambsheim-Avignon"]
[Site "?"]
[Date "2008.04.05"]
[Round "10.1"]
[White "Miltner, Arndt"]
[Black "Meynard, Thibault"]
[Result "1-0"]
[WhiteElo "2369"]
[BlackElo "2274"]
[PlyCount "129"]
[EventDate "2008.04.07"]
[SourceDate "2008.04.07"]

1. e4 c5 2. c3 Nf6 3. e5 Nd5 4. Nf3 Nc6 5. Bc4 Nb6 6. Bb3 c4 7. Bc2 Qc7 8. Qe2
g6 9. O-O Bg7 10. Re1 d5 11. exd6 Qxd6 12. Na3 Be6 13. Ng5 Bd5 14. Ne4 Qe6 15.
d4 cxd3 16. Bxd3 f5 17. Nb5 O-O-O 18. Nc5 Qxe2 19. Bxe2 h6 20. Be3 e5 21. Nb3
Kb8 22. Rad1 Na4 23. Bc1 g5 24. Rd2 Bxb3 25. Rxd8+ Rxd8 26. axb3 Nc5 27. b4 Nb3
28. Kf1 Nd2+ 29. Bxd2 Rxd2 30. Rb1 a6 31. Na3 b5 32. Ke1 Rd6 33. Nc2 e4 34. Ne3
Ne7 35. Rd1 Rxd1+ 36. Bxd1 f4 37. Nf1 Nf5 38. Bc2 Nd6 39. Bb3 Ne8 40. Ke2 Be5
41. h3 Nf6 42. Nd2 f3+ 43. gxf3 exf3+ 44. Nxf3 Bf4 45. Ne1 g4 46. hxg4 Nxg4 47.
Nd3 Bd6 48. Nc5 Ka7 49. Ne4 Be5 50. f4 Bxf4 51. Kf3 Bc1 52. Kxg4 Bxb2 53. Bf7
Kb6 54. Kf3 a5 55. bxa5+ Kxa5 56. Ke2 Kb6 57. Be8 Ba3 58. Kd3 Bf8 59. Kc2 Be7
60. Kb3 Ka5 61. Ng3 b4 62. c4 Kb6 63. Ne4 Kc7 64. c5 Kd8 65. Bh5 1-0

[Event "Nat 1 Gambsheim-Avignon"]
[Site "?"]
[Date "2008.04.05"]
[Round "10.2"]
[White "Cursoux, Laurent"]
[Black "Syska, Albert"]
[Result "1-0"]
[WhiteElo "2241"]
[BlackElo "2247"]
[PlyCount "59"]
[EventDate "2008.04.07"]
[SourceDate "2008.04.07"]

1. e4 c5 2. Nf3 d6 3. d4 cxd4 4. Qxd4 a6 5. c4 Nc6 6. Qd2 Nf6 7. Nc3 e6 8. Be2
Be7 9. O-O O-O 10. b3 Bd7 11. Bb2 Qb6 12. Rad1 Rfd8 13. Bd3 Qc7 14. Bb1 Be8 15.
Qe2 Rab8 16. Rd2 Na5 17. Rc1 Rbc8 18. Nd4 Qb8 19. Rcd1 Bf8 20. f4 Nc6 21. Nxc6
Bxc6 22. e5 dxe5 23. fxe5 Rxd2 24. Rxd2 Nd7 25. Ne4 Nxe5 26. Ng5 Ng6 27. Qh5
Bc5+ 28. Kh1 Qf4 29. Qxh7+ Kf8 30. Nxe6+ 1-0

[Event "Nat 1 Gambsheim-Avignon"]
[Site "?"]
[Date "2008.04.05"]
[Round "10.3"]
[White "Marzolf, Bruno"]
[Black "Pieroni, Guillaume"]
[Result "0-1"]
[WhiteElo "2214"]
[BlackElo "2205"]
[PlyCount "76"]
[EventDate "2008.04.07"]
[SourceDate "2008.04.07"]

1. d4 e6 2. Nc3 d5 3. e4 Bb4 4. e5 c5 5. a3 Bxc3+ 6. bxc3 Ne7 7. h4 Bd7 8. Rb1
Qc7 9. Nf3 Ba4 10. Bd3 Nbc6 11. h5 h6 12. Rh4 c4 13. Be2 O-O-O 14. Rf4 Rdf8 15.
Bd2 Kb8 16. Rg4 Rfg8 17. Qc1 a6 18. Kf1 Na7 19. g3 Nb5 20. Ne1 Nc6 21. Ng2 Qe7
22. Ne3 g5 23. hxg6 fxg6 24. Rh4 h5 25. Kg2 Rf8 26. Nd1 Qh7 27. Bg5 Rf5 28. f4
Rhf8 29. Qd2 Qc7 30. g4 hxg4 31. Bxg4 Rxg5 32. fxg5 Qf7 33. Be2 Qf5 34. Rc1
Nxa3 35. Ra1 Bxc2 36. Rxa3 Bxd1 37. Qxd1 Qf2+ 38. Kh3 Qe3+ 0-1

[Event "Nat 1 Gambsheim-Avignon"]
[Site "?"]
[Date "2008.04.05"]
[Round "10.4"]
[White "Duquesnoy, Jean Philippe"]
[Black "Mohebbi, Jaffar"]
[Result "0-1"]
[WhiteElo "2217"]
[BlackElo "2273"]
[PlyCount "80"]
[EventDate "2008.04.07"]
[SourceDate "2008.04.07"]

1. d4 Nf6 2. c4 e6 3. g3 Bb4+ 4. Bd2 Qe7 5. Nc3 d5 6. Bg2 O-O 7. Nf3 dxc4 8.
O-O Rd8 9. e3 c5 10. a3 cxd4 11. axb4 dxc3 12. bxc3 e5 13. Qc2 Bg4 14. e4 Qc7
15. Bg5 Nbd7 16. Nh4 h6 17. Be3 a5 18. h3 Be6 19. Qa4 Ra6 20. Nf5 Nb6 21. Qb5
Bxf5 22. exf5 Nbd5 23. Bc5 axb4 24. Bxb4 Rb6 25. Qa5 Nxb4 26. cxb4 e4 27. Rfe1
Rd5 28. Qa8+ Rd8 29. Qa5 Re8 30. Re3 Qd6 31. Rb1 Re5 32. Qa8+ Kh7 33. Qa4 Nd5
34. Rd1 Qxb4 35. Qxb4 Rxb4 36. Rxe4 Rxe4 37. Bxe4 Nc3 38. Re1 b5 39. Bc6 Rb1
40. Rxb1 Nxb1 0-1

[Event "Nat 1 Gambsheim-Avignon"]
[Site "?"]
[Date "2008.04.05"]
[Round "10.5"]
[White "Becht, Lucas"]
[Black "Salus, Stephane"]
[Result "1/2-1/2"]
[WhiteElo "2201"]
[BlackElo "2201"]
[PlyCount "72"]
[EventDate "2008.04.07"]
[SourceDate "2008.04.07"]

1. e4 g6 2. d4 c6 3. Nc3 d5 4. e5 h5 5. f4 Bf5 6. Nf3 e6 7. Be3 Nd7 8. Be2 Nh6
9. Qd2 Bg4 10. Nd1 Nf5 11. Bf2 c5 12. dxc5 Bxf3 13. Bxf3 Bxc5 14. Bxc5 Nxc5 15.
Ne3 Qb6 16. Nxf5 gxf5 17. O-O-O Rc8 18. Qd4 Ne4 19. Bxe4 Qxd4 20. Rxd4 fxe4 21.
Kd2 Rg8 22. Rg1 Ke7 23. g3 f5 24. exf6+ Kxf6 25. c4 Rxc4 26. Rxc4 dxc4 27. Ke3
Kf5 28. h3 Rd8 29. g4+ Kg6 30. Rg2 Rd3+ 31. Kxe4 Rxh3 32. gxh5+ Kf6 33. Rg6+
Kf7 34. Rg5 Rh2 35. Rb5 b6 36. a4 Kf6 1/2-1/2

[Event "Nat 1 Gambsheim-Avignon"]
[Site "?"]
[Date "2008.04.05"]
[Round "10.6"]
[White "Barret, Simon"]
[Black "Reichstein, Hans Joerg"]
[Result "1/2-1/2"]
[WhiteElo "2133"]
[BlackElo "2082"]
[PlyCount "94"]
[EventDate "2008.04.07"]
[SourceDate "2008.04.07"]

1. e4 e5 2. Nf3 d6 3. d4 Nf6 4. dxe5 Nxe4 5. Nbd2 Nxd2 6. Qxd2 Nc6 7. Bc4 Be7
8. exd6 Qxd6 9. Qxd6 Bxd6 10. Be3 O-O 11. O-O Bg4 12. Nd4 Nxd4 13. Bxd4 Rad8
14. c3 c5 15. Be3 Rfe8 16. Rfe1 h6 17. a4 Be6 18. Bxe6 Rxe6 19. Red1 Rde8 20.
g3 Rc8 21. Rd5 b6 22. Rad1 Rc6 23. c4 g5 24. b3 Kh7 25. Kg2 Kg6 26. g4 a6 27.
h4 f6 28. h5+ Kf7 29. a5 b5 30. cxb5 axb5 31. Rc1 Re5 32. Rxe5 fxe5 33. Kf3 Ke6
34. Ke4 Be7 35. a6 Rxa6 36. Bxc5 Bd6 37. Bxd6 Rxd6 38. Rc5 Rd4+ 39. Ke3 Rxg4
40. Rxb5 Rh4 41. Rb6+ Kf5 42. Rxh6 Rh3+ 43. Ke2 Rxb3 44. Rh8 Rh3 45. h6 Kg6 46.
Rg8+ Kf5 47. Rh8 Kg6 1/2-1/2

[Event "Nat 1 Gambsheim-Avignon"]
[Site "?"]
[Date "2008.04.05"]
[Round "10.7"]
[White "Engelmann, Herve"]
[Black "Jalfon, Michael"]
[Result "1-0"]
[WhiteElo "2023"]
[BlackElo "1770"]
[PlyCount "41"]
[EventDate "2008.04.07"]
[SourceDate "2008.04.07"]

1. e4 c5 2. Nf3 d6 3. d4 cxd4 4. Nxd4 Nf6 5. Nc3 g6 6. Be3 Bg7 7. Bc4 O-O 8. f3
a6 9. Qd2 Nc6 10. O-O-O Qc7 11. Be2 Nxd4 12. Bxd4 Be6 13. h4 Rfc8 14. h5 Bxa2
15. hxg6 Qa5 16. gxh7+ Kh8 17. Nd5 Qa4 18. Nb6 Qb3 19. Nxa8 Nd7 20. Bxg7+ Kxg7
21. h8=Q+ 1-0

[Event "Nat 1 Gambsheim-Avignon"]
[Site "?"]
[Date "2008.04.05"]
[Round "10.8"]
[White "Payelle, Marie Laetitia"]
[Black "Criqui, Laurence"]
[Result "1-0"]
[WhiteElo "1710"]
[BlackElo "1680"]
[PlyCount "39"]
[EventDate "2008.04.07"]
[SourceDate "2008.04.07"]

1. e4 e5 2. Nc3 Nf6 3. f4 d5 4. fxe5 Nxe4 5. Nf3 Bg4 6. d3 Nxc3 7. bxc3 d4 8.
Rb1 dxc3 9. Be2 Qd5 10. d4 a6 11. a4 Be7 12. O-O O-O 13. Be3 Ba3 14. Rb3 Bb2
15. Qe1 Bf5 16. Bd1 Nd7 17. Qg3 Bg6 18. Nh4 c5 19. Bf3 Be4 20. Nf5 1-0

[Event "Nat 1 Creteil-Grasse"]
[Site "?"]
[Date "2008.04.05"]
[Round "10.1"]
[White "Lepelletier, Benoit"]
[Black "Dunis , Aurelien"]
[Result "1/2-1/2"]
[WhiteElo "2408"]
[BlackElo "2514"]
[PlyCount "79"]
[EventDate "2008.04.07"]
[SourceDate "2008.04.07"]

1. e4 c6 2. d4 d5 3. Nd2 dxe4 4. Nxe4 Nf6 5. Nxf6+ gxf6 6. Nf3 Bg4 7. c3 e6 8.
g3 Qb6 9. Qe2 Be7 10. Bg2 Qa6 11. Qxa6 Nxa6 12. Be3 O-O-O 13. O-O-O Rd7 14. h3
Bh5 15. g4 Bg6 16. Nh4 Nc7 17. Nxg6 hxg6 18. h4 Nd5 19. Bxd5 cxd5 20. h5 Rdd8
21. f3 Kd7 22. Kd2 Rdg8 23. Rdg1 f5 24. hxg6 Rxh1 25. Rxh1 Rxg6 26. Rg1 fxg4
27. Rxg4 Rxg4 28. fxg4 f5 29. gxf5 exf5 30. b3 b6 31. c4 Kc6 32. Kd3 Bd6 33.
Bg5 Bg3 34. Bf6 a6 35. a4 Bc7 36. Bg5 Bh2 37. Ke3 Bg1+ 38. Kd3 Bh2 39. Ke3 Bg1+
40. Kd3 1/2-1/2

[Event "Nat 1 Creteil-Grasse"]
[Site "?"]
[Date "2008.04.05"]
[Round "10.2"]
[White "Dobrev, Nanko"]
[Black "Bouchet, Nicolas"]
[Result "1-0"]
[WhiteElo "2402"]
[BlackElo "2316"]
[PlyCount "110"]
[EventDate "2008.04.07"]
[SourceDate "2008.04.07"]

1. d4 d5 2. Nf3 Nf6 3. c4 c6 4. Nc3 a6 5. cxd5 cxd5 6. Bf4 Nc6 7. e3 Bg4 8. h3
Bxf3 9. gxf3 e6 10. Rc1 Rc8 11. Be2 Be7 12. O-O O-O 13. Na4 Nd7 14. a3 f5 15.
Bg3 g5 16. f4 Bd6 17. Nc5 Nxc5 18. dxc5 gxf4 19. exf4 Be7 20. b4 Bf6 21. Bh5
Bb2 22. Rb1 Qf6 23. Qd3 Kh8 24. Rfe1 Rg8 25. Rxb2 Qxb2 26. Rxe6 Qd4 27. Qxd4+
Nxd4 28. Rb6 Rc7 29. Kf1 Rc6 30. Rxb7 Rh6 31. Bf7 Rd8 32. a4 Nb3 33. a5 Nd2+
34. Kg2 d4 35. Rb6 Kg7 36. Rb7 Kh8 37. Rb6 Kg7 38. c6 Rc8 39. Bd5 Rd6 40. Rb7+
Kh6 41. Rd7 Rg6 42. c7 Rg7 43. Bf7 Ne4 44. Kf3 d3 45. Bh4 d2 46. Ke2 Rg1 47.
Bg5+ Nxg5 48. fxg5+ Kxg5 49. Kxd2 Kf6 50. Bc4 Rg7 51. Rxg7 Kxg7 52. Bxa6 Rxc7
53. Bd3 Kf6 54. b5 Ke5 55. a6 Rc8 1-0

[Event "Nat 1 Creteil-Grasse"]
[Site "?"]
[Date "2008.04.05"]
[Round "10.3"]
[White "Brih, Saïd"]
[Black "Di Paolo, Rafaele"]
[Result "0-1"]
[WhiteElo "2208"]
[BlackElo "2371"]
[PlyCount "72"]
[EventDate "2008.04.07"]
[SourceDate "2008.04.07"]

1. e4 e6 2. d4 d5 3. Nc3 Bb4 4. e5 c5 5. a3 Bxc3+ 6. bxc3 Ne7 7. Qg4 O-O 8. Nf3
f5 9. exf6 Rxf6 10. Ne5 Nbc6 11. Bd3 Qa5 12. O-O Qxc3 13. Bg5 Nxe5 14. Bxh7+
Kxh7 15. Qh5+ Rh6 16. Bxh6 gxh6 17. dxe5 Ng6 18. Rae1 Qd4 19. Re3 Qh4 20. Qd1
Bd7 21. Rh3 Qe7 22. f4 Rf8 23. Qd2 Qg7 24. Rff3 Bc6 25. Rh5 Rf5 26. Rxf5 exf5
27. Rg3 Qd7 28. h4 d4 29. h5 Nf8 30. Qa5 Ne6 31. Rg6 Nxf4 32. Rf6 Qg7 33. Qd2
Qg5 34. Kh2 Qxh5+ 35. Kg1 Qg5 36. Kh2 Bxg2 0-1

[Event "Nat 1 Creteil-Grasse"]
[Site "?"]
[Date "2008.04.05"]
[Round "10.4"]
[White "Andonov, Bogomil"]
[Black "Romieux, Sebastien"]
[Result "0-1"]
[WhiteElo "2334"]
[BlackElo "2240"]
[PlyCount "82"]
[EventDate "2008.04.07"]
[SourceDate "2008.04.07"]

1. Nf3 Nf6 2. c4 e6 3. g3 b6 4. Bg2 Bb7 5. d4 Bb4+ 6. Nbd2 O-O 7. O-O d5 8.
cxd5 exd5 9. Ne5 Re8 10. Ndf3 Ne4 11. Ne1 Bf8 12. Qb3 Nd7 13. Bxe4 Nxe5 14.
Bxh7+ Kxh7 15. dxe5 Rxe5 16. Nf3 Re8 17. Ng5+ Kg8 18. Qd3 g6 19. h4 d4 20. h5
Qd5 21. f3 Be7 22. Nh3 Qxh5 23. Kg2 Bf6 24. Rh1 Qe5 25. Kf2 c5 26. Bf4 Qd5 27.
b3 a5 28. Rae1 a4 29. Qd2 axb3 30. axb3 Rxe2+ 31. Qxe2 Ra2 32. Ng1 Rxe2+ 33.
Rxe2 Bc6 34. Rb2 d3 35. Rb1 Bd4+ 36. Be3 Qe5 37. Bxd4 Qxd4+ 38. Kg2 Qe3 39. Rd1
d2 40. Kh2 Qe1 41. Nh3 Qe2+ 0-1